Preuves
Αποθηκεύτηκε σε:
| Κύριος συγγραφέας: | |
|---|---|
| Μορφή: | Βιβλίο |
| Γλώσσα: | French |
| Δημοσίευση: |
Paris :
Aubier,
1989
|
| Θέματα: | |
| Ετικέτες: |
Προσθήκη ετικέτας
Δεν υπάρχουν, Καταχωρήστε ετικέτα πρώτοι!
|
MARC
| LEADER | 00000nam a2200000 i 4500 | ||
|---|---|---|---|
| 001 | 1/81712 | ||
| 008 | 980217s1989 fre d | ||
| 020 | |a 2-7007-3469-6 | ||
| 035 | |a 1997 |b 3 |c Αγορά/Καλαβάσης |l 10033759 | ||
| 040 | |a GR-MY-UA |b gre |e aacr | ||
| 041 | 0 | |a fre | |
| 082 | 0 | |a 194 | |
| 100 | 1 | |a Gil, Fernando. | |
| 245 | 1 | 0 | |a Preuves / |c Fernando Gil |
| 260 | |a Paris : |b Aubier, |c 1989 | ||
| 300 | |a 232 p. | ||
| 650 | 0 | 0 | |a Criticism, Textual. |
| 650 | 0 | 0 | |a Law |x Philosophy. |
| 852 | |a INST |b RHODES |e 19980217 |h 194 GIL |p 005400011149 |q 005400011149 |t BK |y 0 | ||
| 901 | |a BIBL-1998-1 | ||
| 909 | |a Ρ |b 052376 |c 1997 | ||
| 970 | |z 2000/08/ΔΕΜΕΝΑΓΑΣ ΠΕΤΡΟΣ | ||